Las Reservas forestales

Salvato in:
Dettagli Bibliografici
Autore principale: González Meza, Rodrigo
Natura: testo
Pubblicazione: San José: MAG. Dirección General Forestal
Tags: Aggiungi Tag
Nessun Tag, puoi essere il primo ad aggiungerne!!

MARC

LEADER 00000 a a2200000 04500
001 15900
003
040
090 |a 015200  
100 |a González Meza, Rodrigo  
245 |a Las Reservas forestales  
260 |a San José:   |b MAG. Dirección General Forestal  
300 |a 10 p.  
999 |c 16382  |d 16382